Państwa z dwiema stolicami - Statystyki

Ogólne statystyki
  • Ten quiz został rozwiązany 121 razy
  • Średni wynik to 5 z 10
Statystyki odpowiedzi
Państwo Stolica % Poprawnych
Niderlandy Amsterdam
88%
Czarnogóra Podgorica
81%
Gruzja Tbilisi
78%
Boliwia La Paz
73%
Chile Santiago
73%
Malezja Kuala Lumpur
60%
Sri Lanka Kolombo
34%
Benin Porto-Novo
30%
Korea Południowa Sedżong
5%
Sahara Zachodnia Laayoune
1%
Nie znaleziono quizów pasujących do podanych kryteriów
Rozkład punktacji
Procent ludzi z każdym wynikiem
Percentyl według liczby udzielonych odpowiedzi
Twoja historia wyników
Nie rozwiązałeś tego quizu